000 00426nam a2200169Ia 4500
008 240729s9999 xx 000 0 und d
022 _a2534-9260
245 0 _aRethinking Ecology
260 _aBulgaria
260 _bPensoft Publishers
650 _a Biology (General)
650 _a Ecology
650 _aScience
856 _uhttps://doaj.org/toc/8851ba448e2042839c7fa05322447b94
942 _2ddc
942 _cDOAJEJ
999 _c70281
_d70281
945 _a1
_bMadushi Gamage
_c1
_dMadushi Gamage